[Event "Catalunya-chT Honor Gp1"]
[Site "Barcelona"]
[Date "2018.02.03"]
[Round "3.2"]
[White "Aroshidze, Levan"]
[Black "Serra Pages, Jordi"]
[Result "1-0"]
[WhiteElo "2557"]
[BlackElo "2338"]
[PlyCount "71"]
[EventDate "2018.01.20"]
[EventType "team-tourn"]
[EventRounds "7"]
[EventCountry "ESP"]
[SourceTitle "EXT 2019"]
[Source "ChessBase"]
[SourceDate "2018.10.10"]
[SourceVersion "1"]
[SourceVersionDate "2018.10.10"]
[SourceQuality "1"]
[WhiteTeam "Barcelona Escola Escacs"]
[BlackTeam "Figueres"]
[WhiteTeamCountry "ESP"]
[BlackTeamCountry "ESP"]

1. e4 e5 2. Nf3 Nc6 3. Bb5 a6 4. Ba4 Nf6 5. 0-0 Be7 6. Re1 b5 7. Bb3 0-0 8. c3 d5 9. exd5 Nxd5 10. Nxe5 Nxe5 11. Rxe5 c6 12. d3 Bd6 13. Re1 Bf5 14. Qf3 Bg6 15. Be3 Nxe3 16. Rxe3 Qg5 17. Qxc6 Bf4 18. Re1 Bc1 19. h4 Qh6 20. h5 Rac8 21. Qxa6 Rce8 22. Rf1 Bf4 23. Nd2 Re5 24. Bd1 Bxd2 25. hxg6 fxg6 26. Qd6 Rfe8 27. g3 Qh3 28. Bf3 Qf5 29. Be4 Qf6 30. Qxf6 gxf6 31. Rfd1 Bh6 32. a4 bxa4 33. Rxa4 f5 34. Bf3 Re1+ 35. Kg2 Rxd1 36. Bxd1 1-0

[Event "Catalunya-chT Gp1"]
[Site "Barcelona"]
[Date "2018.01.27"]
[Round "2.2"]
[White "Serra Pages, Jordi"]
[Black "Comas Fabrego, Luis"]
[Result "1/2-1/2"]
[WhiteElo "2239"]
[BlackElo "2469"]
[PlyCount "34"]
[EventDate "2018.01.20"]
[EventType "team-tourn"]
[EventRounds "7"]
[EventCountry "ESP"]
[SourceTitle "CBM 182 Extra"]
[Source "ChessBase"]
[SourceDate "2018.02.23"]
[SourceVersion "1"]
[SourceVersionDate "2018.02.23"]
[SourceQuality "1"]
[WhiteTeam "Figueres"]
[BlackTeam "Colon Sabadell"]
[WhiteTeamCountry "ESP"]
[BlackTeamCountry "ESP"]

1. d4 Nf6 2. c4 e6 3. Nf3 Bb4+ 4. Bd2 Qe7 5. a3 Bxd2+ 6. Nbxd2 d6 7. Qc2 e5 8. e3 0-0 9. Be2 Re8 10. h3 e4 11. Nh2 c5 12. dxc5 dxc5 13. g4 Qe5 14. 0-0-0 Nc6 15. h4 h6 16. Rdg1 Nh7 17. f4 exf3 1/2-1/2

[Event "Miquel Mas op-A 18th"]
[Site "Castell de Sant Ferran"]
[Date "2017.08.17"]
[Round "9"]
[White "Vidal Zamora, Alex"]
[Black "Serra Pages, Jordi"]
[Result "1/2-1/2"]
[WhiteElo "2365"]
[BlackElo "2232"]
[PlyCount "65"]
[EventDate "2017.08.10"]
[EventType "swiss"]
[EventRounds "9"]
[EventCountry "ESP"]
[SourceTitle "CBM 180 Extra"]
[Source "ChessBase"]
[SourceDate "2017.10.06"]
[SourceVersion "1"]
[SourceVersionDate "2017.10.06"]
[SourceQuality "1"]

1. d4 Nf6 2. c4 g6 3. Nf3 Bg7 4. g3 c6 5. Bg2 d5 6. cxd5 cxd5 7. Ne5 0-0 8. Nc3 Bf5 9. 0-0 Ne4 10. Be3 Nxc3 11. bxc3 Nc6 12. f4 Qa5 13. Qb3 Nxe5 14. fxe5 e6 15. Bf3 h5 16. Rfc1 Rac8 17. c4 dxc4 18. Rxc4 b5 19. Rc6 Rxc6 20. Bxc6 a6 21. Rc1 Rc8 22. Kf2 Bf8 23. d5 Be4 24. dxe6 Rxc6 25. exf7+ Kh7 26. Rxc6 Bxc6 27. Qe6 Qc7 28. Qe8 Bd5 29. Qxf8 Qxf7+ 30. Qxf7+ Bxf7 31. a3 Kg8 32. Bd2 Bc4 33. h4 1/2-1/2

[Event "Miquel Mas op-A 18th"]
[Site "Castell de Sant Ferran"]
[Date "2017.08.14"]
[Round "6"]
[White "Serra Pages, Jordi"]
[Black "Parals Marce, Luis"]
[Result "0-1"]
[WhiteElo "2232"]
[BlackElo "2015"]
[PlyCount "112"]
[EventDate "2017.08.10"]
[EventType "swiss"]
[EventRounds "9"]
[EventCountry "ESP"]
[SourceTitle "CBM 180 Extra"]
[Source "ChessBase"]
[SourceDate "2017.10.06"]
[SourceVersion "1"]
[SourceVersionDate "2017.10.06"]
[SourceQuality "1"]

1. Nf3 d5 2. d4 Nf6 3. c4 c6 4. Nc3 dxc4 5. a4 Bf5 6. e3 e6 7. Bxc4 Bb4 8. 0-0 Nbd7 9. Qe2 0-0 10. e4 Bg4 11. Bd3 e5 12. Be3 Qa5 13. h3 Bxf3 14. gxf3 exd4 15. Bxd4 Qh5 16. f4 Qxh3 17. Qe3 Qg4+ 18. Qg3 Qxg3+ 19. fxg3 Bc5 20. Bf2 Rfd8 21. Be2 Bxf2+ 22. Kxf2 Nc5 23. e5 Nfe4+ 24. Kg2 Nxc3 25. bxc3 Rd2 26. Kf3 a5 27. Ke3 Rad8 28. Rfd1 Rxd1 29. Rxd1 Rc8 30. Bg4 Rb8 31. Ra1 Rd8 32. Be2 Kf8 33. Bc4 Ke7 34. g4 f6 35. exf6+ Kxf6 36. Rb1 g6 37. Rh1 Kg7 38. Rb1 Rd7 39. Ra1 h6 40. Be2 Re7+ 41. Kf3 Re4 42. Bd1 Rc4 43. Ra3 Kf6 44. Ke3 g5 45. fxg5+ hxg5 46. Kd2 Rf4 47. Ke3 Ke5 48. Ra2 Re4+ 49. Kf3 Kd5 50. Be2 Rxa4 51. Rd2+ Ke5 52. c4 Ra3+ 53. Kg2 a4 54. Rd8 Ra2 55. Kf3 a3 56. Rg8 Ne6 0-1